000 00883nas a2200313 4500
001 BR2011001796
003 BR-BrBNA
005 20231205114908.0
007 ta
008 230509b bl.|||p| |||| 00| 00por d
040 _aBR-BrBNA
_bpor
_cBiblioteca Nacional de Agricultura
041 _a(En)
072 _aJ11
100 1 _aSilva, D.F.P. da
100 1 _aSalomão, L.C.C.
100 1 _aCecon, P.R.
100 1 _aSiqueira, D.L.
100 1 _aRocha, A.
245 1 _aAnticipation of ubá mango ripening with preharvest ethephon aplication
650 _aMANGA
650 _aFRUTA TROPICAL
650 _aPÓS-COLHEITA
650 _aETEFON
650 _aARMAZENAMENTO
650 _aQUALIDADE
773 0 _tCiência Rural (Brazil)
_xISSN 0103-8478
_g(Jan 2011), v. 41(1) p. 63-69
_wBR2011001796
909 _a202311
_bLúcia
_c55
_dLúcia Elande
942 _2AGRIS
_n0
_cANA
999 _c211077
_d211077